000 00780nam a22002057a 4500
005 20100803100514.0
010 _aENG-97679
020 _c250.00
035 _aEN-81212
037 _bDBAD/PUB
082 _a338.184
245 _aEnvironmental factsheets /
_cedited by Madan Lal Meena
260 _a West Bengal
_bDepertment of Environment Government of West Bengal
_c2009
270 _aDepartment of Environment Government of West Bengal
_bWest Bengal
300 _a625p.
_c21cm (Hb)
650 _aEnvironmental Protection
_95339
700 _aMeena, Madan Lal
_94673
942 _2ddc
_cEN
_h338.184
_mENV
999 _c38829
_d38829